000 00633nam a2200217 4500
003 OSt
005 20240723080438.0
006 a
008 240723b |||||||| |||| 00| 0 eng d
020 _a9789712723520
040 _aDWCL-Main lib.
_cOC
082 _2Revised edition
_aFil. 658.8 G216e 2010
100 _aGarcia, Leonardo R. Jr.
245 _aE-marketing /
250 _aRevised edition
260 _aPasig City:
_bAnvil Pub., Inc.,
_cc2010.
300 _aix,
_b317 p. : ill. ;
_c26 cm.
504 _aIncludes bibliographical references.
650 _a1. Marketing.
942 _2ddc
_n0
_cBK - FIL
_eRevised edition
_kFil.
999 _c2618
_d2618